Les pays bordant la France - Statistiques

Statistiques générales
  • Ce quiz a été pris 219 fois
  • Le résultat moyen est 9 sur 11
Statistiques - réponses
Longueur de la frontière Pays % Correct
623 km Espagne
99%
620 km Belgique
98%
515 km Italie
98%
573 km Suisse
98%
448 km Allemagne
95%
73 km Luxembourg
93%
57 km Andorre
86%
730 km Brésil
85%
4 km Monaco
84%
520 km Suriname
62%
13 km Pays-bas
46%
Aucun quiz correspondant
Distribution des résultats
% des personnes avec chaque résultat
Percentile par nombre de réponses
Votre historique - résultats
Vous n’avez pas pris ce quiz